000 01177nam a2200289 i 4500
003 DO-SdBNP
005 20250617095646.0
007 ta
008 140217s2000 dr 000 0 spa d
040 _aDO-SdBNP
_bspa
_cBNPHU
_erda
082 _axxx
_bR426L, 2000
_222
110 1 _aRepública Dominicana
_9447
240 1 0 _a[leyes,etc.]
245 1 0 _aLey No. 2859 sobre cheques :
_bLey No. 708 sobre bancos, ley No. 251 transferencia internacional de fondos /
264 1 _aSanto Domingo :
_b[editor no identificado],
_c2000.
300 _a46 páginas ;
_c21 cm.
336 _atexto
_btxt
_2rdacontent
337 _asin mediación
_bn
_2rdamedia
338 _avolumen
_bnc
_2rdacarrier
500 _aLey No. 2859 del 30 de abril de 1951, G. O. No. 7284 modificada por la ley No. 62-2000 del 3 de agosto del 2000.
500 _aLey No. 708 del 14 de abril de 1965, G. O. No. 8940 bis.
500 _aLey No. 251 entrega de divisas al Banco Central G. O. No. 8859.
505 _tLey No. 2859 sobre cheques --
_tLey No. 708 sobre bancos --
_tLey No. 251 transferencia internacional de fondos.
590 _aInventariado, 2023/ YL
910 _aYLockward
942 _2ddc
_cLF2
999 _c54936
_d54936